| 000 | 00345nam a2200145Ia 4500 | ||
|---|---|---|---|
| 005 | 20251222152621.0 | ||
| 008 | 251222s9999||||xx |||||||||||||| ||spa|| | ||
| 020 | _a8434534746 | ||
| 082 | _a823/A78 | ||
| 100 | _aArundhati, Roy | ||
| 245 | 0 | _aEl dios de las Pequeñas Cosas | |
| 250 | _a1ra.ed. | ||
| 264 | _bEditorial Anagrama | ||
| 942 | _cLIB | ||
| 999 |
_c27335 _d27335 |
||